Pneumatic conveying of solids : a theoretical and practical approach /
Guardado en:
| Otros Autores: | |
|---|---|
| Formato: | Libro |
| Idioma: | English |
| Publicado: |
London :
Chapman and Hall,
c1997.
|
| Edición: | 2nd ed. |
| Series: | Powder technology series
|
| Materias: | |
| Etiquetas: |
Agregar Etiqueta
Sin Etiquetas, Sea el primero en etiquetar este registro!
|
| LEADER | 00778nam a22002055a 4500 | ||
|---|---|---|---|
| 001 | EIQ.libpla003374 | ||
| 008 | 071212s1997####enka#####b####001#0#eng#d | ||
| 005 | 20071212161842.0 | ||
| 245 | 1 | 0 | |a Pneumatic conveying of solids : |b a theoretical and practical approach / |c G.E. Klinzing ... [et al.]. |
| 250 | |a 2nd ed. | ||
| 260 | |a London : |b Chapman and Hall, |c c1997. | ||
| 300 | |a xxi, 599 p. : |b il. ; |c 24 cm. | ||
| 440 | 0 | |a Powder technology series | |
| 500 | |a 1er ed. (1990) por R.D. Marcus ... [et al.]. | ||
| 504 | |a Incluye referencias bibliográficas e índice. | ||
| 700 | 1 | |a Klinzing, George E. | |
| 650 | 4 | |a Solidos |x Transportación neumática. | |
| 650 | 4 | |a Solids |x Pneumatic conveying. | |
| 040 | |a AR-BbSID |b spa |c AR-BbSID | ||
| 859 | |a AR-BbSID |b BIB. PLAPIQUI |h 621.867 2 |i K 685 |p 5735 | ||
